书目信息 |
| 题名: |
中国物流发展报告
|
|
| 作者: | 丁俊发 主编 | |
| 分册: | ||
| 出版信息: | 北京 中国物资出版社 2007 |
|
| 页数: | 437页 | |
| 开本: | 26cm | |
| 丛书名: | ||
| 单 册: | ||
| 中图分类: | F259.22 | |
| 科图分类: | ||
| 主题词: | 物流--研究报告--中国--2006~2007 , 物流 | |
| 电子资源: | ||
| ISBN: | 978-7-5047-2652-0 | |
| 000 | 00838nam0 2200241 450 | |
| 001 | 010030001995 | |
| 005 | 20070803110153.73 | |
| 010 | @a978-7-5047-2652-0@dCNY80.00@z7-5047-2652-4 | |
| 100 | @a20060621d2007 em y0chiy0110 ea | |
| 101 | 0 | @achi |
| 102 | @aCN@b110000 | |
| 105 | @ay z 000yy | |
| 200 | 1 | @a中国物流发展报告@9zhong guo wu liu fa zhan bao gao@e2006~2007@f丁俊发主编 |
| 210 | @a北京@c中国物资出版社@d2007 | |
| 215 | @a437页@d26cm | |
| 330 | @a本书思路包括:现代物流的产业地拉得以确立、物流业总体运行实现了较好较快的发展、我国物流市场全面开放、物流企业快速成长等。 | |
| 510 | 1 | @aChina logisties development report@zeng |
| 606 | 0 | @a物流@x研究报告@y中国@z2006~2007 |
| 606 | 0 | @a物流 |
| 690 | @aF259.22@v4 | |
| 701 | 0 | @a丁俊发@9ding jun fa@4主编 |
| 801 | 0 | @aCN@bRENTIAN@c20070803 |
| 905 | @a10447@dF259.22@e112 | |
| 中国物流发展报告:2006~2007/丁俊发主编.-北京:中国物资出版社,2007 |
| 437页;26cm |
| ISBN 978-7-5047-2652-0:CNY80.00 |
| 本书思路包括:现代物流的产业地拉得以确立、物流业总体运行实现了较好较快的发展、我国物流市场全面开放、物流企业快速成长等。 |
| ● |
| 相关链接 |
|
|
|
|
正题名:中国物流发展报告
索取号:F259.22/112
 
预约/预借
| 序号 | 登录号 | 条形码 | 馆藏地/架位号 | 状态 | 备注 |
| 1 | 0801468 | 208014682 | 第一样本阅览室/ [索取号:F259.22/112] | 在馆 | |
| 2 | 0801469 | 208014691 | 第一借阅区/ [索取号:F259.22/112] | 在馆 | |
| 3 | 0801470 | 208014708 | 第一借阅区/ [索取号:F259.22/112] | 在馆 | |
| 4 | 0801471 | 208014717 | 第一借阅区/ [索取号:F259.22/112] | 在馆 | |
| 5 | 0801472 | 208014726 | 第一借阅区/ [索取号:F259.22/112] | 在馆 |